000 00696nam a2200241Ia 4500
003 OSt
005 20220928104347.0
006 a|||||r|||| 00| 0
007 ta
008 220927b |||||||| |||| 00| 0 eng d
024 _a30159
037 _cTextual
040 _aSDCL
_cSDCL
_beng
041 _2eng
_aeng
082 _aX9.677'N7<-N3, L6
100 _aMabro Robert
_9410109
245 0 _aIndustrialization of Egypt 1939-1973
_b Policy and performance
260 _aOxford
_bClarendon Press
_c1976
300 _a279p
_ccm.
700 _a Radwan Samir
_9358365
942 _hX9.677'N7<-N3, L6
_cTEXL
_2CC
999 _c725688
_d725688